[Event "a plk. Karla Hromádky"]
[Site "?"]
[Date "????.??.??"]
[Round "7.8"]
[White "Krejcik, Miroslav"]
[Black "Nemec, Igor"]
[Result "1/2-1/2"]
[WhiteElo "1886"]
[BlackElo "1957"]
[PlyCount "103"]

1. d4 d5 2. g3 c6 3. Nf3 Nf6 4. Bg2 e6 5. O-O Bd6 6. c3 O-O 7. Bg5 h6 8. Bxf6
Qxf6 9. Nbd2 Qe7 10. e4 Nd7 11. e5 Bc7 12. Re1 b6 13. Rc1 Ba6 14. c4 Rac8 15.
b3 Bb7 16. Bh3 Bb8 17. Nh4 c5 18. Nhf3 cxd4 19. cxd5 Bxd5 20. Rxc8 Rxc8 21. Ne4
Nxe5 22. Nxe5 Bxe5 23. f4 Bf6 24. Nxf6+ Qxf6 25. Re5 Qd8 26. Qxd4 Rc1+ 27. Kf2
Qc7 28. Re2 Rc2 29. Qe3 Rxe2+ 30. Qxe2 Qc5+ 31. Qe3 Qxe3+ 32. Kxe3 Kf8 33. Kd4
Ke7 34. Bg4 Kd6 35. Bh5 f6 36. Bg6 e5+ 37. Kd3 Kc5 38. fxe5 fxe5 39. Kc3 b5 40.
b4+ Kd6 41. Bd3 a6 42. a3 e4 43. Be2 Ke5 44. Bg4 Bc4 45. Bc8 e3 46. Bxa6 e2 47.
Kd2 Kd4 48. Bb7 e1=Q+ 49. Kxe1 Kc3 50. Bc6 Kb3 51. Kd2 Kxa3 52. Kc3 1/2-1/2

[Event "a plk. Karla Hromádky"]
[Site "?"]
[Date "????.??.??"]
[Round "7.10"]
[White "Kalendovsky, Jan"]
[Black "Svetly, Jiri"]
[Result "1/2-1/2"]
[WhiteElo "1938"]
[BlackElo "1981"]
[PlyCount "106"]

1. e4 d6 2. d4 Nf6 3. Nc3 g6 4. f4 Bg7 5. Nf3 O-O 6. e5 dxe5 7. dxe5 Qxd1+ 8.
Nxd1 Nd5 9. Bc4 c6 10. O-O Bf5 11. Nd4 e6 12. Nxf5 gxf5 13. h3 b5 14. Bxd5 cxd5
15. c3 Nd7 16. Be3 Rfc8 17. g4 fxg4 18. hxg4 Nc5 19. Bd4 Ne4 20. Rf3 a5 21. f5
b4 22. Rc1 Bh6 23. Rc2 Kg7 24. Rh2 Bg5 25. Rfh3 h6 26. Rf3 bxc3 27. Nxc3 Nxc3
28. Bxc3 Rc4 29. Rg2 d4 30. Bd2 Rc2 31. Bxg5 Rxg2+ 32. Kxg2 hxg5 33. Rd3 Rd8
34. Kf3 exf5 35. gxf5 Rb8 36. Rd2 Kh6 37. Ke4 g4 38. Kf4 g3 39. Kxg3 Kg5 40.
Rxd4 Kxf5 41. b3 Kxe5 42. Ra4 Rb5 43. Rh4 Rc5 44. Rh5+ f5 45. Rh8 Rc3+ 46. Kf2
Rc2+ 47. Ke3 Rxa2 48. Re8+ Kd5 49. Kf4 Rf2+ 50. Ke3 Rb2 51. Kf4 Rxb3 52. Re5+
Kc4 53. Rxa5 Kb4 1/2-1/2

[Event "a plk. Karla Hromádky"]
[Site "?"]
[Date "????.??.??"]
[Round "7.11"]
[White "Kabat, Josef"]
[Black "Stepan, Petr"]
[Result "0-1"]
[WhiteElo "1854"]
[BlackElo "1837"]
[PlyCount "90"]

1. e4 e5 2. Nf3 d6 3. h3 Nf6 4. Nc3 c6 5. d4 Qc7 6. Be3 Be7 7. dxe5 dxe5 8. Bc4
O-O 9. O-O h6 10. Qe2 Nbd7 11. a3 Nc5 12. Nd2 Bd6 13. b4 Ne6 14. Nf3 Re8 15. b5
Nc5 16. Nd2 Qa5 17. Bxc5 Bxc5 18. Nd1 Bd4 19. Ra2 Bd7 20. Nb3 Qb6 21. c3 Bc5
22. Nxc5 Qxc5 23. Rd2 cxb5 24. Bd3 a6 25. Qe3 Qxa3 26. Bb1 Bc6 27. f3 Rad8 28.
Ra2 Qb3 29. Nf2 Nh5 30. Rd2 b4 31. Rxd8 Rxd8 32. Qb6 Rd7 33. Qxb4 Qxb4 34. cxb4
Nf4 35. Rd1 Rd4 36. Rxd4 Ne2+ 37. Kf1 Nxd4 38. Ke1 Kf8 39. Nd3 f6 40. Kd2 Ke7
41. Ke3 Kd6 42. f4 Bb5 43. fxe5+ fxe5 44. Nc5 b6 45. Nd3 Nc6 0-1

[Event "a plk. Karla Hromádky"]
[Site "?"]
[Date "????.??.??"]
[Round "8.1"]
[White "Bures, Vit"]
[Black "Prymula, Roman"]
[Result "1/2-1/2"]
[WhiteElo "2182"]
[BlackElo "2167"]
[PlyCount "54"]

1. d4 d5 2. c4 c6 3. Nc3 f5 4. Nf3 e6 5. Bf4 Nf6 6. e3 Bd6 7. Bd3 O-O 8. O-O
Ne4 9. Ne2 Qe7 10. c5 Bc7 11. b4 a6 12. a4 Bxf4 13. exf4 Bd7 14. Ne5 Be8 15. f3
Nf6 16. Qb3 Nfd7 17. b5 Nxe5 18. fxe5 axb5 19. axb5 Rxa1 20. Rxa1 cxb5 21. Bxb5
Bxb5 22. Qxb5 Nc6 23. Rb1 Rf7 24. Qa4 h6 25. g3 g5 26. Kg2 Kg7 27. Rh1 Rf8
1/2-1/2

[Event "a plk. Karla Hromádky"]
[Site "?"]
[Date "????.??.??"]
[Round "8.2"]
[White "Stork, Rostislav"]
[Black "Messerschmidt, Stanislav"]
[Result "1/2-1/2"]
[WhiteElo "1824"]
[BlackElo "1966"]
[PlyCount "85"]

1. e4 g6 2. d4 Bg7 3. Be3 c6 4. Nd2 d5 5. e5 h5 6. Nb3 Bf5 7. Nf3 Nd7 8. a4 a5
9. Be2 e6 10. O-O Bg4 11. Qd2 Bxf3 12. Bxf3 Nh6 13. Be2 Nf5 14. Bg5 Qb6 15.
Rfd1 Qb4 16. Qxb4 axb4 17. Bd2 c5 18. dxc5 Nxe5 19. Bxb4 Nc6 20. Bb5 Bxb2 21.
Rab1 Bf6 22. Na5 O-O 23. Nxc6 bxc6 24. Bxc6 Ra7 25. Bb5 Nd4 26. c3 Nf5 27. c6
Rc8 28. Bc5 Raa8 29. Bb6 Ne7 30. c7 Be5 31. Bd7 Rxc7 32. Bxc7 Bxc7 33. Rb7 Bd6
34. c4 Bc5 35. cxd5 Nxd5 36. Bc6 Nc3 37. Rdd7 Nxa4 38. Rxf7 Nc3 39. h3 Bd4 40.
Rb4 Ra1+ 41. Kh2 Be5+ 42. f4 Kxf7 43. fxe5 1/2-1/2

[Event "a plk. Karla Hromádky"]
[Site "?"]
[Date "????.??.??"]
[Round "8.3"]
[White "Urban, Vlastimil"]
[Black "Kulovana, Eva"]
[Result "1-0"]
[WhiteElo "1954"]
[BlackElo "2070"]
[PlyCount "79"]

1. d4 Nf6 2. c4 c5 3. d5 e6 4. f3 exd5 5. cxd5 d6 6. e4 g6 7. Nc3 Bg7 8. Be3
O-O 9. Qd2 Re8 10. Bb5 Bd7 11. Bxd7 Nbxd7 12. Nge2 a6 13. a4 Rb8 14. O-O b5 15.
axb5 axb5 16. Ra2 Ne5 17. b3 c4 18. b4 Nd3 19. Rb1 Nd7 20. Nd4 N7e5 21. Ncxb5
Qf6 22. Bg5 Bh6 23. Bxf6 Bxd2 24. Rxd2 h6 25. Nxd6 Rf8 26. Nc6 c3 27. Rc2 Nxc6
28. dxc6 Nxb4 29. Rxc3 Nxc6 30. Rxb8 Nxb8 31. Rc8 Nd7 32. e5 Rxc8 33. Nxc8 Nc5
34. Nd6 g5 35. Kf2 Kh7 36. Nxf7 Kg6 37. Nd8 Kf5 38. Ke3 h5 39. Nf7 Ne6 40. Nxg5
1-0

[Event "a plk. Karla Hromádky"]
[Site "?"]
[Date "????.??.??"]
[Round "8.4"]
[White "Buchnicek, Petr"]
[Black "Cechal, Martin"]
[Result "0-1"]
[WhiteElo "2212"]
[BlackElo "1977"]
[PlyCount "112"]

1. e4 e5 2. Nf3 Nc6 3. d4 exd4 4. Nxd4 Bc5 5. Nb3 Bb6 6. Nc3 a6 7. Nd5 Ba7 8.
Qg4 g6 9. Bg5 f6 10. Bh4 d6 11. Qf3 g5 12. Qh5+ Kf8 13. Bg3 Be6 14. O-O-O Ne5
15. Bxe5 fxe5 16. Qf3+ Kg7 17. Ne3 Qf6 18. Nf5+ Kg6 19. Be2 h5 20. h4 g4 21.
Qc3 Bb6 22. f3 Nh6 23. fxg4 Nxg4 24. Bxg4 hxg4 25. Rdf1 Bxf5 26. Rxf5 Qe7 27.
Qg3 Rh6 28. h5+ Kh7 29. Rhf1 Kh8 30. Qxg4 Rg8 31. Qh3 Qg7 32. Nd2 Qxg2 33. Qb3
Rh7 34. Rf8 Rhg7 35. h6 Rg6 36. h7 Kxh7 37. Rxg8 Rxg8 38. Qf7+ Rg7 39. Qf5+ Rg6
40. Qh5+ Kg7 41. Rh1 Be3 42. Qh8+ Kf7 43. Qh7+ Ke6 44. Rd1 Rg7 45. Qf5+ Ke7 46.
Qf1 Qxf1 47. Rxf1 Rg2 48. Rd1 Kf6 49. c3 Rxd2 50. Rxd2 Bxd2+ 51. Kxd2 Kg5 52.
Ke3 Kg4 53. c4 c5 54. a3 a5 55. b3 b6 56. a4 Kg3 0-1

[Event "a plk. Karla Hromádky"]
[Site "?"]
[Date "????.??.??"]
[Round "8.5"]
[White "Hodovsky, Jiri"]
[Black "Kredl, Karel"]
[Result "0-1"]
[WhiteElo "2097"]
[BlackElo "2033"]
[PlyCount "52"]

1. e4 c5 2. c3 d5 3. exd5 Qxd5 4. d4 Nf6 5. Nf3 Bg4 6. Be2 e6 7. O-O Nc6 8. Na3
a6 9. Nc2 cxd4 10. Ncxd4 Nxd4 11. Nxd4 Bxe2 12. Qxe2 Be7 13. Bf4 O-O 14. Rfe1
Rfe8 15. a4 Rac8 16. Rad1 Qa5 17. b4 Qxa4 18. Qf3 Nd5 19. Ra1 Qd7 20. Rec1 Bf6
21. Ne2 Rc4 22. Bd2 Rec8 23. Be1 h6 24. Rab1 Qc6 25. g3 Nxc3 26. Qxc6 Nxe2+ 0-1

[Event "a plk. Karla Hromádky"]
[Site "?"]
[Date "????.??.??"]
[Round "8.6"]
[White "Rozumek, Vlastimil"]
[Black "Mayer, Josef"]
[Result "1-0"]
[WhiteElo "2053"]
[BlackElo "1984"]
[PlyCount "83"]

1. d4 Nf6 2. Nf3 g6 3. Bg5 Bg7 4. e3 O-O 5. Be2 d6 6. O-O c5 7. c3 Nbd7 8. Nbd2
b6 9. Rc1 Bb7 10. h3 Rc8 11. Qa4 a6 12. b4 b5 13. Qb3 cxb4 14. cxb4 Qb6 15. a4
h6 16. a5 Qa7 17. Bh4 g5 18. Bg3 Ne4 19. Nxe4 Bxe4 20. Nd2 Bb7 21. h4 Nf6 22.
hxg5 hxg5 23. Bf3 Bxf3 24. Nxf3 Ne4 25. Bh2 g4 26. Qd3 Qb7 27. Nd2 Nxd2 28.
Qxd2 Rxc1 29. Rxc1 Rc8 30. Rc3 Rc4 31. Rxc4 bxc4 32. Qc3 Qb5 33. e4 d5 34. e5
Qa4 35. Bf4 Qd1+ 36. Kh2 Kh7 37. Kg3 e6 38. Be3 Kg6 39. Qd2 Qxd2 40. Bxd2 Bh6
41. Bc3 Kf5 42. b5 1-0

[Event "a plk. Karla Hromádky"]
[Site "?"]
[Date "????.??.??"]
[Round "8.7"]
[White "Nemec, Igor"]
[Black "Postupa, Pavel"]
[Result "0-1"]
[WhiteElo "1957"]
[BlackElo "1939"]
[PlyCount "52"]

1. e4 c5 2. Nf3 e6 3. d4 cxd4 4. Bc4 Nc6 5. c3 dxc3 6. Nxc3 a6 7. O-O Qc7 8.
Qe2 b5 9. Bb3 Bb7 10. Bg5 d6 11. Rac1 Qb6 12. Rfd1 Nf6 13. Be3 Qa5 14. h3 Be7
15. Nh2 O-O 16. f3 Rfd8 17. Ng4 Nd7 18. f4 Nc5 19. Bc2 b4 20. Nd5 exd5 21. exd5
Qb5 22. Qxb5 axb5 23. dxc6 Bxc6 24. Bb1 h5 25. Ne5 dxe5 26. Bxc5 Rxd1+ 0-1

[Event "a plk. Karla Hromádky"]
[Site "?"]
[Date "????.??.??"]
[Round "8.9"]
[White "Hynek, Jiri"]
[Black "Krejcik, Miroslav"]
[Result "1-0"]
[WhiteElo "1981"]
[BlackElo "1885"]
[PlyCount "49"]

1. f4 d5 2. Nf3 Nf6 3. e3 c6 4. b3 g6 5. Bb2 Bg7 6. Be2 O-O 7. O-O Bg4 8. Ne5
Bxe2 9. Qxe2 Nbd7 10. d3 Re8 11. Nd2 Nxe5 12. fxe5 Nd7 13. d4 f6 14. exf6 exf6
15. e4 dxe4 16. Nxe4 f5 17. Qc4+ Kh8 18. Nd6 Rf8 19. Nf7+ Rxf7 20. Qxf7 Nb6 21.
Rfe1 Bf6 22. Qxb7 Bxd4+ 23. Bxd4+ Qxd4+ 24. Kh1 Qf6 25. Rad1 1-0

[Event "a plk. Karla Hromádky"]
[Site "?"]
[Date "????.??.??"]
[Round "8.11"]
[White "Stepan, Petr"]
[Black "Kovacs, Ivan"]
[Result "0-1"]
[WhiteElo "1837"]
[BlackElo "1687"]
[PlyCount "62"]

1. d4 d5 2. c4 dxc4 3. e3 e6 4. Bxc4 Bb4+ 5. Bd2 Bxd2+ 6. Nxd2 Nf6 7. Ngf3 O-O
8. O-O b6 9. h3 Bb7 10. Ne5 Nbd7 11. Ndf3 Nxe5 12. Nxe5 Nd7 13. Ng4 c5 14. Rc1
cxd4 15. Qxd4 Nc5 16. Qc3 Qe7 17. a3 Qg5 18. b4 h5 19. bxc5 hxg4 20. hxg4 Qxg4
21. f3 Qg5 22. cxb6 axb6 23. e4 Rfc8 24. Qb3 Qc5+ 25. Kh1 Rxa3 26. Qc2 b5 27.
Qb2 bxc4 28. Qxb7 Ra7 29. Qb2 f6 30. Qd2 Kf7 31. Rc3 Rh8+ 0-1